| 000 | 00842cam a22002415a 4500 | ||
|---|---|---|---|
| 001 | 13127100 | ||
| 005 | 20180508120528.0 | ||
| 008 | 030318s2003 ohua frb 001 0 eng d | ||
| 020 | _a1574980467 | ||
| 040 |
_aDLC _cDLC _dDLC _dEG-ScBUE _beng |
||
| 082 | 0 | 4 |
_a666 _222 _bBRO |
| 100 | 1 | _aBrosnan, Denis A. | |
| 245 | 1 | 0 |
_aIntroduction to drying of ceramics : _bwith laboratory exercises / _cDenis A. Brosnan and Gilbert C. Robinson. |
| 246 | 3 | 0 | _aDrying of ceramics |
| 260 |
_aWesterville : _bAmerican Ceramic Society, _c2003. |
||
| 300 |
_axxiii, 253 p. : _bill. ; _c24 cm. |
||
| 504 | _aIncludes bibliographical references and index. | ||
| 650 | 7 |
_aCeramics _xDrying. _2BUEsh |
|
| 650 | 7 |
_aCeramics _xDrying _vLaboratory manuals. _2BUEsh |
|
| 653 |
_bGGEN _cMay2018 |
||
| 700 | 1 |
_aRobinson, Gilbert C. _q(Gilbert Chase), _d1919- |
|
| 942 | _2ddc | ||
| 999 |
_c26661 _d26633 |
||